مكتبة جامعة عجلون الوطنية

فهرس بحث المكتبة

دليل المهندسين في تصميم العنلصر والمنشات السلحة وتنفيذها ج1:التصميم المرن للكمرات والاعمدة والبلاطات والحوائط والكوابيل القصيرة (Record no. 26543)

MARC details
000 -LEADER
fixed length control field 00879nam a2200217Ii 4500
003 - CONTROL NUMBER IDENTIFIER
control field JO-AjNU
008 - FIXED-LENGTH DATA ELEMENTS--GENERAL INFORMATION
fixed length control field 230605s9999||||xx |||||||||||||| ||und||
017 ## - COPYRIGHT OR LEGAL DEPOSIT NUMBER
Copyright or legal deposit number 2011/21230
020 ## - INTERNATIONAL STANDARD BOOK NUMBER
International Standard Book Number 977-246-133-1
040 ## - CATALOGING SOURCE
Original cataloging agency JO-AjNU
Language of cataloging ara
Description conventions rda
Transcribing agency JO-AjNU
041 ## - LANGUAGE CODE
Language code of text/sound track or separate title ara
050 14 - LIBRARY OF CONGRESS CALL NUMBER
Classification number TA636 2011
100 3# - MAIN ENTRY--PERSONAL NAME
Personal name حسن، ناطق صبري ,
Relator term author
9 (RLIN) 51933
245 00 - TITLE STATEMENT
Title دليل المهندسين في تصميم العنلصر والمنشات السلحة وتنفيذها ج1:التصميم المرن للكمرات والاعمدة والبلاطات والحوائط والكوابيل القصيرة
264 31 - PRODUCTION, PUBLICATION, DISTRIBUTION, MANUFACTURE, AND COPYRIGHT NOTICE
Place of production, publication, distribution, manufacture اسيوط: مطبعة المختار ،2011
300 ## - PHYSICAL DESCRIPTION
Extent 1378ص
336 ## - CONTENT TYPE
Content type term text
Content type code txt
Source rdacontent
337 ## - MEDIA TYPE
Media type term unmediated
Media type code n
Source rdamedia
338 ## - CARRIER TYPE
Carrier type term volume
Carrier type code nc
Source rdacarrier
650 #4 - SUBJECT ADDED ENTRY--TOPICAL TERM
Topical term or geographic name entry element المنشات الخرسانية -تصميم المرن
9 (RLIN) 51934
Holdings
Withdrawn status Lost status Source of classification or shelving scheme Damaged status Not for loan Home library Current library Shelving location Date acquired Total Checkouts Full call number Barcode Date last seen Price effective from Koha item type
    Library of Congress Classification     مكتبة جامعة عجلون الوطنية مكتبة جامعة عجلون الوطنية المجموعات العامة 06/06/2023   TA636 2011 A22975 06/06/2023 06/06/2023 Books